Innowacyjnosc róznych przedsiebiorstw.

Požiadavky na inovačnú činnosť. Hlavné determinanty úspechu inovačnej činnosti. Slabé stránky samosprávneho agentúrneho manažérskeho typu podnikov, ktoré neuvoľňujú inovačnú činnosť. Americký model vlastníctva akcií zamestnancov a jeho nedostatky. Lepšie vyhovuje vlastníctvo akcií v iných rukách ako...

Description complète

Enregistré dans:
Détails bibliographiques
Auteur principal: Nowak, K.
Format: Chapitre de livre
Langue:polonais
Sujets:
Tags: Ajouter un tag
Pas de tags, Soyez le premier à ajouter un tag!

MARC

LEADER 00000naa a2200000 4500
001 r008791
005 20221125122437.3
041 0 |a pol 
044 |a PL 
245 1 0 |a Innowacyjnosc róznych przedsiebiorstw.  |c K. Nowak 
520 |a Požiadavky na inovačnú činnosť. Hlavné determinanty úspechu inovačnej činnosti. Slabé stránky samosprávneho agentúrneho manažérskeho typu podnikov, ktoré neuvoľňujú inovačnú činnosť. Americký model vlastníctva akcií zamestnancov a jeho nedostatky. Lepšie vyhovuje vlastníctvo akcií v iných rukách ako zamestnancov. 
610 2 0 |a inovácia 
610 2 0 |a podnik 
610 2 0 |a samospráva 
610 2 0 |a manažment 
610 2 0 |a akcie 
610 2 0 |a zamestnanci 
100 1 |a Nowak, K.